|
|
|
|
| LEADER |
01365nam a22002897a 4500 |
| 001 |
29791 |
| 003 |
BD-DhAAL |
| 005 |
20160626110934.0 |
| 008 |
160626s2014 bg 000 p ben |
| 020 |
|
|
|a 9789849081432
|
| 040 |
|
|
|a BD-DhAAL
|c BD-DhAAL
|
| 041 |
|
|
|a ben
|
| 082 |
0 |
0 |
|a 891.44
|
| 100 |
1 |
|
|a আলী, শাহ আরমান
|9 19708
|
| 245 |
0 |
0 |
|a নূর পরিচয় /
|c শাহ আরমান আলী; সংগ্রহ, লিপ্যন্তর ও সম্পাদনা মো. আব্দুল মান্নান এবং মোস্তফা সেলিম।
|
| 260 |
|
|
|a ঢাকাঃ
|b উৎস প্রকাশন,
|c ২০১৪
|
| 300 |
|
|
|a ১৫৯ পৃষ্ঠা ;
|c ২৫ সে মি
|
| 490 |
|
|
|a নাগরী গ্রন্থসম্ভার
|v ১৫
|
| 504 |
|
|
|6 তথ্যসূত্র অন্তর্ভূক্ত [ ভূমিকা ১৬]
|
| 526 |
|
|
|a AAL
|
| 541 |
|
|
|e 29791
|
| 650 |
|
0 |
|a Islamic poetry, Bengali
|9 19709
|
| 700 |
1 |
|
|a মান্নান, মো. আব্দুল
|9 19710
|
| 700 |
1 |
|
|a সেলিম, মোস্তফা
|9 19711
|
| 942 |
|
|
|2 ddc
|c BK
|
| 999 |
|
|
|c 37622
|d 37622
|
| 952 |
|
|
|0 0
|1 0
|2 ddc
|4 0
|6 891_440000000000000_ALI
|7 0
|9 59177
|a BRACUL
|b BRACUL
|c GEN
|d 2016-06-26
|e BRAC Center
|g 400.00
|l 0
|o 891.44 ALI
|p 3010029791
|r 2016-06-26
|t 1
|w 2016-06-26
|y BK
|